INRODUCTION TO QUANTATIVE GENETICS (Record no. 8131)

MARC details
000 -LEADER
fixed length control field 00458nam a22001817a 4500
005 - DATE AND TIME OF LATEST TRANSACTION
control field 20230128115040.0
008 - FIXED-LENGTH DATA ELEMENTS--GENERAL INFORMATION
fixed length control field 221219b |||||||| |||| 00| 0 eng d
020 ## - INTERNATIONAL STANDARD BOOK NUMBER
ISBN 978-81-317-2740-9
041 ## - LANGUAGE CODE
Language code of text/sound track or separate title eng
082 ## - DEWEY DECIMAL CLASSIFICATION NUMBER
Classification number 611 FAL-I
100 ## - MAIN ENTRY--AUTHOR NAME
Personal name FALCONE R, DOUGLAS S.AND MACKAY TRUDY F.C
245 ## - TITLE STATEMENT
Title INRODUCTION TO QUANTATIVE GENETICS
250 ## - EDITION STATEMENT
Edition statement 4th ed.
260 ## - PUBLICATION, DISTRIBUTION, ETC. (IMPRINT)
Name of publisher PEARSON
300 ## - PHYSICAL DESCRIPTION
Number of Pages 457;P.
650 ## - SUBJECT ADDED ENTRY--TOPICAL TERM
Topical Term ARICULTURE
942 ## - ADDED ENTRY ELEMENTS (KOHA)
Koha item type Books
Holdings
Lost status Damaged status Collection code Home library Current library Shelving location Date acquired Source of acquisition Cost, normal purchase price Full call number Accession Number Koha item type
    Reference JRU Library JRU Library SHELF-2-D 10/11/2022 LOHIA BOOK INTERNATIONAL 1375.00 611-FAL-I 27098 Books
    AGRICULTURE JRU Library JRU Library SHELF-44-D 24/01/2023 LOHIA BOOK INTERNATIONAL 1375.00 611 FAL-I 27298 Books
    AGRICULTURE JRU Library JRU Library SHELF-44-D 24/01/2023 LOHIA BOOK INTERNATIONAL 1375.00 611 FAL-I 27299 Books
    AGRICULTURE JRU Library JRU Library SHELF-44-D 24/01/2023 LOHIA BOOK INTERNATIONAL 1375.00 611 FAL-I 27300 Books